000 00464nam a2200181Ia 4500
001 18850
005 20260306171701.0
008 260306s9999||||xx |||||||||||||| ||und||
041 _aESP
082 _a658.5
_bS743
100 _aSheffi, Yossi
_eAUT
245 0 _aClúteres logísticos:
_bbrindando valor e impulsando el crecimiento
260 _c2012
300 _axii, 339 páginas :
_c22 cm.
650 _aGEN
654 _aCAN
942 _cLIB
_dJUS
_fJUS
_2ddc
_n
999 _c18850
_d18850